[Event "BEL-chT 1718"]
[Site "Belgium"]
[Date "2018.04.22"]
[Round "10.8"]
[White "Bruno, Ricardo"]
[Black "Verhasselt, Karsten"]
[Result "0-1"]
[WhiteElo "1983"]
[BlackElo "2108"]
[PlyCount "62"]
[EventDate "2017.09.24"]
[EventType "team-tourn"]
[EventRounds "11"]
[EventCountry "BEL"]
[SourceTitle "EXT 2019"]
[Source "ChessBase"]
[SourceDate "2018.10.10"]
[SourceVersion "1"]
[SourceVersionDate "2018.10.10"]
[SourceQuality "1"]
[WhiteTeam "Charleroi CREC"]
[BlackTeam "TSM Schifflange"]
[WhiteTeamCountry "BEL"]
[BlackTeamCountry "BEL"]

1. Nf3 Nf6 2. g3 g6 3. Bg2 Bg7 4. 0-0 0-0 5. Nc3 d5 6. d3 c5 7. e4 e6 8. Re1 Nc6 9. h3 a6 10. Qe2 d4 11. Nb1 b5 12. a3 Bb7 13. Nbd2 Qc7 14. Nf1 Rac8 15. Bf4 Qb6 16. b3 Rfe8 17. g4 Nd7 18. N1h2 e5 19. Bg3 h6 20. g5 h5 21. h4 Nd8 22. Bh3 Ne6 23. Bxe6 Qxe6 24. Nd2 Nb6 25. f4 exf4 26. Bxf4 c4 27. Qf3 cxd3 28. cxd3 Rc3 29. Rf1 Nd7 30. Rf2 Nc5 31. Qg3 Nxd3 0-1

[Event "Helsingor Xtracon op"]
[Site "Helsingor"]
[Date "2017.07.24"]
[Round "4"]
[White "Dauth, Benjamin"]
[Black "Verhasselt, Karsten"]
[Result "1-0"]
[WhiteElo "2332"]
[BlackElo "2079"]
[PlyCount "173"]
[EventDate "2017.07.22"]
[EventType "swiss"]
[EventRounds "10"]
[EventCountry "DEN"]
[SourceTitle "CBM 179 Extra"]
[Source "ChessBase"]
[SourceDate "2017.08.23"]
[SourceVersion "1"]
[SourceVersionDate "2017.08.23"]
[SourceQuality "1"]

1. e4 e6 2. d3 d5 3. Nd2 Nf6 4. g3 c5 5. Bg2 Nc6 6. Ne2 Be7 7. 0-0 0-0 8. Nf4 dxe4 9. Nxe4 Qc7 10. Ng5 h6 11. Ne4 g6 12. Ne2 Kh7 13. N2c3 b6 14. Bf4 Qd7 15. Qf3 Nxe4 16. Nxe4 Bb7 17. Qe3 g5 18. Bd6 f5 19. Bxe7 Qxe7 20. Nd2 Nd4 21. Rac1 f4 22. Qe5 f3 23. Bh3 Ne2+ 24. Kh1 Nxc1 25. Rxc1 Qf6 26. Re1 Qxe5 27. Rxe5 Kg7 28. Kg1 Rae8 29. Bg4 Re7 30. Re3 Rf6 31. Nc4 e5 32. Nxe5 Rf8 33. Kf1 Rfe8 34. Bh5 Rf8 35. Bg4 Rfe8 36. Bh5 Rf8 37. Ke1 Rf5 38. Ng4 Rxe3+ 39. fxe3 c4 40. dxc4 Rc5 41. b3 b5 42. Nf2 bxc4 43. b4 Re5 44. Kd2 Re6 45. a4 Kf6 46. c3 Ra6 47. a5 Rd6+ 48. Ke1 Ke5 49. Bf7 Bd5 50. Bh5 Be4 51. Ng4+ Kf5 52. Nf2 Rd8 53. Bg4+ Ke5 54. Bh5 Rf8 55. Ng4+ Kd6 56. Nf2 Bd3 57. Kd2 Kc6 58. Bg4 h5 59. Bxh5 Rh8 60. Bxf3+ Kb5 61. Nxd3 Rxh2+ 62. Be2 cxd3 63. Kxd3 Kc6 64. c4 Kd6 65. Bf3 Rf2 66. Be4 Rb2 67. Kc3 Re2 68. Kd4 Rd2+ 69. Bd3 Ra2 70. c5+ Kc7 71. e4 Ra1 72. e5 Ra4 73. Kc4 Ra1 74. e6 Re1 75. Bf5 Re5 76. g4 Re1 77. b5 Re5 78. Kd4 Re1 79. b6+ axb6 80. axb6+ Kb8 81. c6 Rd1+ 82. Kc5 Rc1+ 83. Kb5 Re1 84. c7+ Kb7 85. e7 Re5+ 86. Kb4 Kxb6 87. c8Q 1-0

[Event "BEL-ch op"]
[Site "Niel"]
[Date "2017.07.04"]
[Round "4"]
[White "Verhasselt, Karsten"]
[Black "Verbist, Julien"]
[Result "1-0"]
[WhiteElo "2079"]
[BlackElo "1924"]
[PlyCount "51"]
[EventDate "2017.07.01"]
[EventType "swiss"]
[EventRounds "9"]
[EventCountry "BEL"]
[SourceTitle "EXT 2018"]
[Source "ChessBase"]
[SourceDate "2017.10.13"]
[SourceVersion "1"]
[SourceVersionDate "2017.10.13"]
[SourceQuality "1"]

1. e4 e5 2. Nf3 d6 3. d4 Nd7 4. Bc4 Nb6 5. Bb3 exd4 6. Qxd4 Be6 7. Bxe6 fxe6 8. 0-0 e5 9. Qd3 Nf6 10. a4 a5 11. Nc3 Be7 12. Be3 Nfd7 13. Nd5 Nxd5 14. Qxd5 c6 15. Qe6 Nf8 16. Qb3 Qc8 17. Rad1 Ne6 18. Nd2 Nd8 19. Nc4 Qb8 20. Bb6 Nf7 21. f4 exf4 22. Bd4 0-0 23. Nb6 Kh8 24. Nxa8 Qxa8 25. Rxf4 d5 26. Rdf1 1-0

[Event "BEL-ch op"]
[Site "Niel"]
[Date "2017.07.03"]
[Round "3"]
[White "Tikranian, Alik"]
[Black "Verhasselt, Karsten"]
[Result "1-0"]
[WhiteElo "2261"]
[BlackElo "2079"]
[PlyCount "59"]
[EventDate "2017.07.01"]
[EventType "swiss"]
[EventRounds "9"]
[EventCountry "BEL"]
[SourceTitle "EXT 2018"]
[Source "ChessBase"]
[SourceDate "2017.10.13"]
[SourceVersion "1"]
[SourceVersionDate "2017.10.13"]
[SourceQuality "1"]

1. e4 e6 2. d4 d5 3. Nd2 Nf6 4. e5 Nfd7 5. c3 c5 6. Bd3 Nc6 7. Ne2 cxd4 8. cxd4 f6 9. exf6 Nxf6 10. 0-0 Bd6 11. Nf3 Qc7 12. Bg5 0-0 13. Rc1 a6 14. Re1 Nh5 15. Ng3 Nf4 16. Bb1 Qf7 17. Ne5 Nxe5 18. dxe5 Bb4 19. Re3 Bd7 20. Rc7 Ba5 21. Qc2 g6 22. Rf3 Bxc7 23. Rxf4 Qxf4 24. Bxf4 Bb6 25. Qd2 Bb5 26. h4 Rac8 27. h5 Bxf2+ 28. Qxf2 g5 29. Qb6 Rxf4 30. Qxe6+ 1-0

[Event "BEL-ch op"]
[Site "Niel"]
[Date "2017.07.01"]
[Round "1"]
[White "Atanasiu, Nicolae"]
[Black "Verhasselt, Karsten"]
[Result "0-1"]
[WhiteElo "1861"]
[BlackElo "2079"]
[PlyCount "66"]
[EventDate "2017.07.01"]
[EventType "swiss"]
[EventRounds "9"]
[EventCountry "BEL"]
[SourceTitle "EXT 2018"]
[Source "ChessBase"]
[SourceDate "2017.10.13"]
[SourceVersion "1"]
[SourceVersionDate "2017.10.13"]
[SourceQuality "1"]

1. d4 Nf6 2. Nf3 g6 3. c3 Bg7 4. h3 d6 5. Bf4 0-0 6. e3 b6 7. Nbd2 Bb7 8. Be2 Nbd7 9. 0-0 Re8 10. Qb3 e5 11. Bh2 Qe7 12. Nc4 e4 13. Nfd2 a5 14. a4 Ba6 15. Rfe1 Qe6 16. Qc2 Nd5 17. f3 f5 18. fxe4 fxe4 19. Bg4 Qe7 20. Nxe4 Bxc4 21. Nd2 Ba6 22. Qb3 Bb7 23. e4 N7f6 24. Bf3 Bh6 25. Nf1 Qe6 26. exd5 Qxe1 27. Rxe1 Rxe1 28. Kf2 Rc1 29. Bxd6 cxd6 30. Qxb6 Bxd5 31. Qxd6 Rf8 32. Qb6 Ne4+ 33. Ke2 Bc4# 0-1

[Event "BEL-ch op"]
[Site "Worriken Buetgenbach"]
[Date "2016.07.08"]
[Round "7.1"]
[White "Verhasselt, Karsten"]
[Black "Roos, Adrian"]
[Result "0-1"]
[WhiteElo "2061"]
[BlackElo "2283"]
[PlyCount "72"]
[EventDate "2016.07.03"]
[EventType "swiss"]
[EventRounds "9"]
[EventCountry "BEL"]
[SourceTitle "EXT 2024"]
[Source "ChessBase"]
[SourceDate "2023.10.10"]
[SourceVersion "1"]
[SourceVersionDate "2023.10.10"]
[SourceQuality "1"]

1. e4 c5 2. Nf3 d6 3. d4 cxd4 4. Nxd4 Nf6 5. Nc3 a6 6. Be3 e5 7. Nb3 Be6 8. f3 h5 9. Qd2 Nbd7 10. 0-0-0 b5 11. Kb1 Rc8 12. Qf2 Qc7 13. h3 Be7 14. Rg1 b4 15. Nd5 Nxd5 16. exd5 Bf5 17. Bd3 Bxd3 18. Rxd3 a5 19. Re1 a4 20. Nc1 a3 21. bxa3 bxa3 22. Rxa3 Qb7+ 23. Rb3 Qxd5 24. f4 0-0 25. f5 Rc4 26. Qe2 Rfc8 27. Rd1 Qc6 28. Rd2 d5 29. Qd1 d4 30. Bg1 Nc5 31. Rf3 Ne4 32. Re2 Bf6 33. Bh2 Nc3+ 34. Rxc3 Rxc3 35. Bxe5 Qb5+ 36. Nb3 Bxe5 0-1

[Event "BEL-ch op"]
[Site "Worriken Buetgenbach"]
[Date "2016.07.07"]
[Round "6.2"]
[White "Fontaine, Quentin"]
[Black "Verhasselt, Karsten"]
[Result "1/2-1/2"]
[WhiteElo "2238"]
[BlackElo "2061"]
[PlyCount "108"]
[EventDate "2016.07.03"]
[EventType "swiss"]
[EventRounds "9"]
[EventCountry "BEL"]
[SourceTitle "EXT 2024"]
[Source "ChessBase"]
[SourceDate "2023.10.10"]
[SourceVersion "1"]
[SourceVersionDate "2023.10.10"]
[SourceQuality "1"]

1. e4 e6 2. d4 d5 3. Nd2 Nf6 4. e5 Nfd7 5. c3 c5 6. Bd3 Nc6 7. Ne2 cxd4 8. cxd4 f6 9. exf6 Nxf6 10. 0-0 Bd6 11. Nf3 Qc7 12. Nc3 a6 13. h3 0-0 14. Bd2 Nh5 15. Rc1 Nf4 16. Bb1 g6 17. Na4 Qg7 18. Nb6 Rb8 19. Be3 Qf6 20. Bxf4 Bxf4 21. Rc3 Bc7 22. Na4 Kh8 23. Qe2 Bd6 24. Rd1 Qf4 25. Nc5 e5 26. g3 Qf6 27. dxe5 Nxe5 28. Nxe5 Bxe5 29. Rb3 Bd4 30. Nd3 Bf5 31. Nf4 Bxb1 32. Rxb1 g5 33. Nd3 Rbe8 34. Qf1 Qf3 35. Qg2 Re2 36. Qxf3 Rxf3 37. Kg2 Rf7 38. Rf1 h5 39. Rb4 Ba7 40. h4 Rd2 41. Ne5 Rfxf2+ 42. Rxf2 Rxf2+ 43. Kh1 Rf1+ 44. Kh2 Rf2+ 45. Kh1 g4 46. Rxb7 Rf1+ 47. Kg2 Rf2+ 48. Kh1 Bd4 49. Ng6+ Kg8 50. Ne7+ Kf8 51. Nxd5 Rf1+ 52. Kg2 Rf2+ 53. Kh1 Rf1+ 54. Kg2 Rf2+ 1/2-1/2

[Event "BEL-ch U20 Elite "]
[Site "Blankenberge"]
[Date "2015.04.15"]
[Round "6"]
[White "Verhasselt, Karsten"]
[Black "De Strycker, Nathan"]
[Result "0-1"]
[WhiteElo "2042"]
[BlackElo "2103"]
[PlyCount "70"]
[EventDate "2015.04.12"]
[EventType "tourn"]
[EventRounds "9"]
[EventCountry "BEL"]
[SourceTitle "CBM 166 Extra"]
[Source "ChessBase"]
[SourceDate "2015.06.18"]
[SourceVersion "1"]
[SourceVersionDate "2015.06.18"]
[SourceQuality "1"]

1. e4 e6 2. d4 d5 3. e5 c5 4. c3 Nc6 5. Be3 Nh6 6. Nf3 Nf5 7. Qd2 Nxe3 8. fxe3 f5 9. exf6 Qxf6 10. Bb5 Bd6 11. 0-0 Bd7 12. e4 cxd4 13. exd5 exd5 14. cxd4 0-0 15. Nc3 Be6 16. Bxc6 bxc6 17. Ne5 Qh4 18. g3 Qe7 19. Nxc6 Qc7 20. Ne5 Bxe5 21. dxe5 Qc5+ 22. Rf2 d4 23. Ne4 Qxe5 24. Re1 Rxf2 25. Nxf2 Qd5 26. Nd3 Bf7 27. Nf4 Qd6 28. a3 Rb8 29. b4 h6 30. Rd1 Rd8 31. Qd3 Qc7 32. Qe4 Qc3 33. Rd3 Qa1+ 34. Kf2 Bc4 35. Rd2 Qf1# 0-1

[Event "BEL-ch U18"]
[Site "Blankenberge"]
[Date "2014.04.16"]
[Round "5"]
[White "Verhasselt, Karsten"]
[Black "Barbier, Astrid"]
[Result "1-0"]
[WhiteElo "1833"]
[BlackElo "1775"]
[PlyCount "99"]
[EventDate "2014.04.??"]
[EventType "swiss"]
[EventRounds "9"]
[EventCountry "BEL"]
[SourceTitle "EXT 2015"]
[Source "ChessBase"]
[SourceDate "2014.11.20"]
[SourceVersion "1"]
[SourceVersionDate "2014.11.20"]
[SourceQuality "1"]

1. e4 d6 2. d4 Nf6 3. Nc3 e5 4. dxe5 dxe5 5. Qxd8+ Kxd8 6. Bg5 Bd6 7. 0-0-0 Nbd7 8. Bc4 Ke8 9. Nf3 a6 10. a4 h6 11. Bh4 Kf8 12. Bg3 g6 13. Kb1 Kg7 14. Rhe1 Re8 15. Nd5 Nxd5 16. exd5 f6 17. b3 Nc5 18. Nd2 Bf5 19. f3 Rad8 20. Kb2 Bd7 21. a5 b5 22. axb6 cxb6 23. Ne4 Nxe4 24. Rxe4 Bc8 25. Bd3 Bc5 26. c4 Kf7 27. Kc2 Bb7 28. Rde1 Bb4 29. R1e2 Bc8 30. h3 Bf5 31. R4e3 Bxd3+ 32. Rxd3 Bc5 33. Rd1 a5 34. Be1 Re7 35. Bc3 Red7 36. Rf1 Bd6 37. f4 exf4 38. Re6 Bc5 39. Rxf6+ Kg8 40. R1xf4 g5 41. Rg6+ Kh7 42. Rff6 Bf8 43. Rxb6 Rf7 44. Rgf6 Re7 45. Kd3 Rde8 46. Rbe6 Bg7 47. Rxe7 Rxe7 48. Re6 Rb7 49. Bxg7 Kxg7 50. Kd4 1-0

[Event "Brasschaat op 13th"]
[Site "Brasschaat"]
[Date "2013.08.20"]
[Round "4"]
[White "Verhasselt, Karsten"]
[Black "Beniest, Rene"]
[Result "0-1"]
[WhiteElo "1822"]
[BlackElo "2138"]
[PlyCount "100"]
[EventDate "2013.08.17"]
[EventType "swiss"]
[EventRounds "9"]
[EventCountry "BEL"]
[SourceTitle "CBM 156 Extra"]
[Source "ChessBase"]
[SourceDate "2013.10.22"]
[SourceVersion "1"]
[SourceVersionDate "2013.10.22"]
[SourceQuality "1"]

1. e4 c5 2. Nf3 g6 3. d4 cxd4 4. Nxd4 Nc6 5. Nc3 Bg7 6. Be3 Nf6 7. f3 0-0 8. Bc4 Qa5 9. Qd2 Qb4 10. Bb3 Nxd4 11. Qxd4 Qxd4 12. Bxd4 d6 13. 0-0-0 Rd8 14. Rhe1 Bd7 15. Nd5 Nxd5 16. Bxd5 Bc6 17. Rd3 Bxd4 18. Rxd4 Kf8 19. Red1 Bxd5 20. Rxd5 Ke8 21. R1d3 Rac8 22. Kd2 Rc6 23. e5 Rdc8 24. c3 dxe5 25. Rxe5 e6 26. Re4 Rd8 27. Red4 Rxd4 28. Rxd4 Ke7 29. c4 e5 30. Re4 Kd6 31. f4 exf4 32. Rxf4 f5 33. Kc3 Ke5 34. Rd4 Rc7 35. b4 f4 36. Rd8 Rf7 37. Re8+ Kd6 38. c5+ Kd7 39. Re4 g5 40. h3 f3 41. gxf3 Rxf3+ 42. Kc4 Rxh3 43. b5 Rh4 44. Kd5 Rxe4 45. Kxe4 a6 46. a4 axb5 47. axb5 Ke6 48. Kd4 g4 49. Ke4 h5 50. b6 Kd7 0-1

[Event "BEL-ch op"]
[Site "Antwerp"]
[Date "2013.07.14"]
[Round "9"]
[White "Smekens, Ruben"]
[Black "Verhasselt, Karsten"]
[Result "1-0"]
[WhiteElo "1931"]
[BlackElo "1795"]
[PlyCount "93"]
[EventDate "2013.07.06"]
[EventType "swiss"]
[EventRounds "9"]
[EventCountry "BEL"]
[SourceTitle "CBM 155 Extra"]
[Source "ChessBase"]
[SourceDate "2013.08.26"]
[SourceVersion "1"]
[SourceVersionDate "2013.08.26"]
[SourceQuality "1"]

1. e4 e5 2. Nf3 Nf6 3. Nxe5 d6 4. Nf3 Nxe4 5. Nc3 Nxc3 6. dxc3 Be7 7. Bf4 Nc6 8. Bd3 Be6 9. Qd2 Qd7 10. 0-0 0-0 11. Rfe1 Rfe8 12. Ng5 Bxg5 13. Bxg5 h6 14. Bxh6 gxh6 15. Qxh6 Bf5 16. Qg5+ Bg6 17. Bxg6 fxg6 18. Qxg6+ Kh8 19. Qh5+ Kg8 20. f4 Re7 21. f5 Rh7 22. Qg4+ Kh8 23. Re6 Ne5 24. Qe4 Qb5 25. b3 Rg8 26. Rf1 Qc5+ 27. Qd4 Qc6 28. Rg6 b6 29. Qxe5+ dxe5 30. Rxc6 Rf8 31. f6 Rhf7 32. Re6 e4 33. Rxe4 Rxf6 34. Rxf6 Rxf6 35. Re8+ Kg7 36. Re7+ Kg6 37. Rxc7 a6 38. a4 Kg5 39. c4 Rd6 40. c5 bxc5 41. Rxc5+ Kf4 42. g3+ Kf3 43. Rc3+ Kg4 44. Rd3 Rc6 45. Rd2 Kf3 46. Rf2+ Ke3 47. Kg2 1-0

[Event "Wch U16"]
[Site "Maribor"]
[Date "2012.11.17"]
[Round "10.55"]
[White "Mikolic, Martin"]
[Black "Verhasselt, Karsten"]
[Result "1-0"]
[WhiteElo "1771"]
[BlackElo "1837"]
[PlyCount "33"]
[EventDate "2012.11.08"]
[EventType "swiss"]
[EventRounds "11"]
[EventCountry "SLO"]
[SourceTitle "EXT 2013"]
[Source "ChessBase"]
[SourceDate "2012.11.22"]
[SourceVersion "1"]
[SourceVersionDate "2012.11.22"]
[SourceQuality "1"]

1. e4 b6 2. d4 Bb7 3. Nc3 e6 4. a3 Nf6 5. Bd3 c5 6. Be3 d5 7. dxc5 Bxc5 8. Bxc5 bxc5 9. e5 Nfd7 10. f4 Qc7 11. Nb5 Qa5+ 12. b4 Qb6 13. Nd6+ Kf8 14. Qh5 g6 15. Qh6+ Kg8 16. Ne8 cxb4 17. Qg7# 1-0

[Event "Wch U16"]
[Site "Maribor"]
[Date "2012.11.16"]
[Round "9.59"]
[White "Verhasselt, Karsten"]
[Black "Zagorsek, David"]
[Result "1-0"]
[WhiteElo "1837"]
[BlackElo "1611"]
[PlyCount "52"]
[EventDate "2012.11.08"]
[EventType "swiss"]
[EventRounds "11"]
[EventCountry "SLO"]
[SourceTitle "EXT 2013"]
[Source "ChessBase"]
[SourceDate "2012.11.22"]
[SourceVersion "1"]
[SourceVersionDate "2012.11.22"]
[SourceQuality "1"]

1. e4 e5 2. Nf3 Nf6 3. Nc3 Bb4 4. Nxe5 0-0 5. Be2 Re8 6. Nd3 Bxc3 7. dxc3 Nxe4 8. Nf4 Nc6 9. 0-0 d6 10. Bf3 Nc5 11. g3 Ne6 12. Re1 Nxf4 13. Bxf4 Bh3 14. Qd5 Qd7 15. b3 Qf5 16. Be4 Qxd5 17. Bxd5 Bf5 18. b4 Bxc2 19. b5 Na5 20. c4 Bd3 21. Rec1 c6 22. Bg2 cxb5 23. cxb5 Nc4 24. Bxb7 Rab8 25. Bc6 Re2 26. Rc3 d5 1-0

[Event "Wch U16"]
[Site "Maribor"]
[Date "2012.11.08"]
[Round "1.44"]
[White "Verhasselt, Karsten"]
[Black "Radovanovic, Nikola"]
[Result "1/2-1/2"]
[WhiteElo "1837"]
[BlackElo "2170"]
[PlyCount "88"]
[EventDate "2012.11.08"]
[EventType "swiss"]
[EventRounds "11"]
[EventCountry "SLO"]
[SourceTitle "EXT 2013"]
[Source "ChessBase"]
[SourceDate "2012.11.22"]
[SourceVersion "1"]
[SourceVersionDate "2012.11.22"]
[SourceQuality "1"]

1. e4 e5 2. Nf3 Nc6 3. d4 exd4 4. Nxd4 Nf6 5. Nc3 Bb4 6. Nxc6 bxc6 7. Bd3 0-0 8. 0-0 d5 9. exd5 cxd5 10. Bg5 c6 11. Qf3 h6 12. Bf4 Be6 13. a3 Be7 14. Rfe1 Qd7 15. h3 Rfd8 16. Ne2 c5 17. c3 a5 18. Be5 Rf8 19. Nf4 Ne8 20. Qh5 Bf6 21. Re3 Bxe5 22. Qxe5 Nc7 23. Rg3 Ne8 24. Re1 c4 25. Bb1 Ra6 26. Qh5 Kh8 27. Rge3 Nf6 28. Qe2 Bf5 29. Re7 Qc8 30. Qe5 Bxb1 31. Rxb1 Qc5 32. Rd1 Rd6 33. Rd4 Kg8 34. Nh5 Nxh5 35. Qxh5 Qb5 36. Rd2 Qc6 37. Re5 Rfd8 38. Re7 Rf6 39. Re5 Rfd6 40. Re7 Rg6 41. Qf5 Rf6 42. Qe5 a4 43. Qc7 Qxc7 44. Rxc7 Rb8 1/2-1/2

[Event "Politiken Cup 34th"]
[Site "Helsingor"]
[Date "2012.07.28"]
[Round "1"]
[White "Rostgaard, Tobias Valentin"]
[Black "Verhasselt, Karsten"]
[Result "1-0"]
[WhiteElo "2246"]
[BlackElo "1814"]
[PlyCount "37"]
[EventDate "2012.07.28"]
[EventType "swiss"]
[EventRounds "10"]
[EventCountry "DEN"]
[SourceTitle "CBM 149 Extra"]
[Source "ChessBase"]
[SourceDate "2012.08.24"]
[SourceVersion "1"]
[SourceVersionDate "2012.08.24"]
[SourceQuality "1"]

1. e4 e5 2. Nf3 Nf6 3. Nxe5 d6 4. Nf3 Nxe4 5. Nc3 Nxc3 6. dxc3 Be7 7. Be3 Be6 8. Qd2 Nc6 9. 0-0-0 0-0 10. h4 a5 11. Kb1 Ne5 12. Ng5 Bc4 13. Bxc4 Bxg5 14. hxg5 g6 15. Qd4 Re8 16. Be2 f5 17. Bc4+ Nxc4 18. Qxc4+ d5 19. Rxd5 1-0

[Event "BEL-ch U16"]
[Site "Bruges"]
[Date "2012.04.11"]
[Round "6"]
[White "Verhasselt, Karsten"]
[Black "Barbier, Astrid"]
[Result "1/2-1/2"]
[WhiteElo "1596"]
[BlackElo "1660"]
[PlyCount "90"]
[EventDate "2012.04.08"]
[EventType "swiss"]
[EventRounds "9"]
[EventCountry "BEL"]
[SourceTitle "CBM 147 Extra"]
[Source "ChessBase"]
[SourceDate "2012.04.24"]
[SourceVersion "1"]
[SourceVersionDate "2012.04.24"]
[SourceQuality "1"]

1. e4 c5 2. Nf3 g6 3. d4 cxd4 4. Nxd4 Nc6 5. Be3 Nf6 6. Nc3 Bg7 7. Qd2 0-0 8. 0-0-0 Qa5 9. Nb3 Qc7 10. Bh6 a5 11. Bxg7 Kxg7 12. f4 a4 13. Nd4 Nxd4 14. Qxd4 Qxf4+ 15. Kb1 d6 16. g3 Qg5 17. Nxa4 Qa5 18. Nc3 Be6 19. Bc4 Bxc4 20. Qxc4 Rfc8 21. Qb3 Rc7 22. Rdf1 Rf8 23. h3 Qa6 24. Nd5 Nxd5 25. exd5 Rc5 26. Rf3 b6 27. Rhf1 Qb7 28. c4 b5 29. Rf4 Qd7 30. Qf3 f6 31. g4 Rxc4 32. Rxc4 bxc4 33. Qc3 Qc8 34. Rf4 Qc5 35. Rd4 Rc8 36. g5 Rc7 37. a3 Rb7 38. gxf6+ exf6 39. Rf4 Qg1+ 40. Ka2 Qg5 41. Qxc4 Qe5 42. Rf2 Qe3 43. Qf4 Qe5 44. b3 Qc3 45. Qf3 Rxb3 1/2-1/2